Online
Catalog

Teoría del diseño arquitectónico / (Record no. 30499)

MARC details
000 -CABECERA
campo de control de longitud fija 01073nam a2200241 a 4500
001 - NÚMERO DE CONTROL
campo de control 000031007
005 - FECHA Y HORA DE LA ÚLTIMA TRANSACCIÓN
campo de control 20260521100706.0
008 - DATOS DE LONGITUD FIJA--INFORMACIÓN GENERAL
campo de control de longitud fija 110411s2011 dr ac 001 0 spa d
020 ## - NÚMERO INTERNACIONAL ESTÁNDAR DEL LIBRO
Número Internacional Estándar del Libro 9789945004199
040 ## - FUENTE DE LA CATALOGACIÓN
Centro catalogador/agencia de origen DO-SdBNP
Lengua de catalogación spa
Centro/agencia transcriptor BNPHU
082 ## - NÚMERO DE LA CLASIFICACIÓN DECIMAL DEWEY
Número de clasificación 720.28
Número de documento/Ítem R893t, 2011
100 1# - ENTRADA PRINCIPAL--NOMBRE DE PERSONA
Nombre de persona Rozas Aristy, Eduardo
9 (RLIN) 37777
245 10 - MENCIÓN DE TÍTULO
Título Teoría del diseño arquitectónico /
Mención de responsabilidad, etc. Eduardo Rozas Aristy.
250 ## - MENCIÓN DE EDICIÓN
Mención de edición 2ª ed.
260 ## - PUBLICACIÓN, DISTRIBUCIÓN, ETC.
Lugar de publicación, distribución, etc. Santo Domingo :
Nombre del editor, distribuidor, etc. Universidad Autónoma de Santo Domingo,
Fecha de publicación, distribución, etc. 2011.
300 ## - DESCRIPCIÓN FÍSICA
Extensión 225 p. :
Otras características físicas il., retrs. ;
Dimensiones 28 cm.
505 0# - NOTA DE CONTENIDO CON FORMATO
Título I.- Orígen de la teoría arquitectónica --
-- Teorías y teóricos italianos --
-- Teorías y teóricos franceses --
-- Teorías y teóricos del siglo 20 y 21 --
-- II.- Fundamentos psicológicos --
-- De los ambientes a la volumetría --
-- De la volumetría al edificio --
Información miscelánea Apéndices.
590 ## - NOTA LOCAL (RLIN)
Nota local Inventariado, 2018/LP
650 #0 - PUNTO DE ACCESO ADICIONAL DE MATERIA--TÉRMINO DE MATERIA
Término de materia o nombre geográfico como elemento de entrada Diseño arquitectónico
9 (RLIN) 1824
650 #4 - PUNTO DE ACCESO ADICIONAL DE MATERIA--TÉRMINO DE MATERIA
Término de materia o nombre geográfico como elemento de entrada Arquitectura
Subdivisión general Aspectos psicológicos
9 (RLIN) 55632
650 #4 - PUNTO DE ACCESO ADICIONAL DE MATERIA--TÉRMINO DE MATERIA
Término de materia o nombre geográfico como elemento de entrada Arquitectura
Subdivisión general Historia
9 (RLIN) 41900
910 ## - DATOS DE OPCIÓN DEL USUARIO (OCLC)
Datos de opción del usuario Validado. Control de la calidad EMS.
Holdings
Estado de retiro Estado de pérdida Restricciones de uso No para préstamo Código de colección Localización permanente Ubicación/localización actual Ubicación en estantería Fecha de adquisición Número de inventario Total de préstamos Signatura topográfica completa Código de barras Fecha visto por última vez Número de copia Precio válido a partir de Tipo de ítem Koha
  Extraviado     Dominicana de Servicio General General Extraviado 09.06.2011 LF1   720.28 R893t, 2011 31007-30 25.06.2020 e. 3 25.06.2020 Libro y Folleto Colección Dominicana de Servicio
      Excluido de préstamo Patrimonio Dominicano Patrimonio Dominicano Patrimonio Dominicano Depósito 09.06.2011 LF1   720.28 R893t, 2011 31007-10 25.06.2020   25.06.2020 Libro y Folleto Colección Patrimonio Dominicano
      Excluido de préstamo Patrimonio Dominicano Patrimonio Dominicano Patrimonio Dominicano Depósito 09.06.2011 LF1   720.28 R893t, 2011 31007-20 25.06.2020 e. 2 25.06.2020 Libro y Folleto Colección Patrimonio Dominicano

Powered by Koha